[Event "Skovbo GM 2014"]
[Site "?"]
[Date "2014.09.14"]
[Round "9.1"]
[White "Danielsen, Henrik"]
[Black "Bekker-Jensen, Simon"]
[Result "1-0"]
[WhiteElo "2488"]
[BlackElo "2442"]
[PlyCount "87"]
[EventDate "2014.??.??"]
[WhiteClock "1:01:02"]
[BlackClock "1:05:54"]

1. e4 e5 2. Nf3 Nc6 3. d3 Nf6 4. Be2 Bc5 5. O-O d6 6. c3 a6 7. b4 Ba7 8. Nbd2
O-O 9. a4 Ne7 10. Re1 Ng6 11. Bf1 Re8 12. g3 c6 13. a5 d5 14. Qc2 Qc7 15. c4
dxe4 16. dxe4 c5 17. b5 b6 18. Nb1 Bg4 19. Nfd2 axb5 20. cxb5 bxa5 21. Nc4 Bb6
22. Nc3 Nf8 23. Na4 N6d7 24. Bb2 f6 25. Ne3 Be6 26. Bc4 Kh8 27. Red1 Ba7 28.
Bc3 Rab8 29. Rab1 Nb6 30. Bxa5 Qc8 31. Bxb6 Bxb6 32. Rd6 Bc7 33. Rc6 Bd7 34.
Rxc5 Qd8 35. Rd1 Bb6 36. Nxb6 Qxb6 37. Rcd5 Be6 38. Rd6 Qa5 39. Nd5 Rec8 40.
Qb3 Nd7 41. Rxe6 Nc5 42. Qb4 Qxb4 43. Nxb4 Nxe6 44. Bxe6 1-0

[Event "Skovbo GM 2014"]
[Site "?"]
[Date "2014.09.14"]
[Round "9.2"]
[White "Skytte, Rasmus"]
[Black "Burmakin, Vladimir"]
[Result "1/2-1/2"]
[WhiteElo "2430"]
[BlackElo "2584"]
[PlyCount "25"]
[EventDate "2014.??.??"]
[WhiteClock "1:29:08"]
[BlackClock "1:11:33"]

1. e4 c6 2. d4 d5 3. Nc3 dxe4 4. Nxe4 Nd7 5. Nf3 Ngf6 6. Nxf6+ Nxf6 7. c3 Bg4
8. h3 Bh5 9. g4 Bg6 10. Ne5 Nd7 11. Nxg6 hxg6 12. d5 Nb6 13. dxc6 1/2-1/2

[Event "Skovbo GM 2014"]
[Site "?"]
[Date "2014.09.14"]
[Round "9.3"]
[White "Antonsen, Mikkel Djernæs"]
[Black "Semcesen, Daniel"]
[Result "1/2-1/2"]
[WhiteElo "2459"]
[BlackElo "2472"]
[PlyCount "70"]
[EventDate "2014.??.??"]
[WhiteClock "0:36:05"]
[BlackClock "0:05:42"]

1. d4 d5 2. c4 dxc4 3. e4 Nf6 4. e5 Nd5 5. Bxc4 Nb6 6. Bb3 Nc6 7. Be3 Bf5 8.
Nc3 e6 9. Nf3 Be7 10. O-O Nb4 11. a3 N4d5 12. Bc2 Bg4 13. Ne4 Qd7 14. b4 h6 15.
h3 Bf5 16. Nc5 Bxc5 17. bxc5 Bxc2 18. Qxc2 Nc8 19. Rab1 b6 20. Nd2 Nce7 21. Ne4
O-O 22. Rbd1 b5 23. Bc1 a5 24. Qe2 f5 25. exf6 Nxf6 26. Nd2 Nfd5 27. Rde1 Rf6
28. Nf3 Ng6 29. Qe4 Raf8 30. h4 Qe8 31. Qg4 Kh7 32. Re4 Nc3 33. Re3 Nd5 34. Re4
Nc3 35. Re3 Nd5 1/2-1/2

[Event "Skovbo GM 2014"]
[Site "?"]
[Date "2014.09.14"]
[Round "9.4"]
[White "Ahlander, Björn"]
[Black "Smith, Axel"]
[Result "1-0"]
[WhiteElo "2385"]
[BlackElo "2481"]
[PlyCount "153"]
[EventDate "2014.??.??"]
[WhiteClock "0:03:25"]
[BlackClock "0:00:42"]

1. e4 c5 2. Nf3 Nc6 3. d4 cxd4 4. Nxd4 e5 5. Nb5 d6 6. c4 Be7 7. N1c3 a6 8. Na3
f5 9. exf5 Bxf5 10. Bd3 Be6 11. Qh5+ Bf7 12. Qh3 Nf6 13. Nc2 O-O 14. O-O g6 15.
Bh6 Re8 16. f4 e4 17. Nxe4 Nxe4 18. Bxe4 Bf6 19. Bd5 Bxd5 20. cxd5 Nd4 21. Nxd4
Bxd4+ 22. Kh1 Re3 23. Qg4 Qe7 24. f5 Re4 25. Qf3 gxf5 26. Qxf5 Re8 27. Rad1 Be3
28. Bxe3 Rxe3 29. Rd4 Kh8 30. Rdf4 Re1 31. h3 Rxf1+ 32. Rxf1 Qg7 33. b3 Qe5 34.
Qf6+ Qxf6 35. Rxf6 Re2 36. Rxd6 Rxa2 37. Rd8+ Kg7 38. Rd7+ Kg6 39. Rxb7 Rd2 40.
Rb6+ Kg5 41. Rxa6 Rxd5 42. Ra4 h5 43. h4+ Kf5 44. Rc4 Rd3 45. b4 Rb3 46. Kh2
Kf6 47. g3 Rb2+ 48. Kh3 Rb1 49. Rc6+ Kg7 50. Rc5 Kg6 51. Rg5+ Kh6 52. b5 Rb2
53. Rc5 Kg6 54. Rc6+ Kg7 55. Rc5 Kg6 56. Rd5 Kh6 57. Rg5 Ra2 58. g4 Ra3+ 59.
Kg2 hxg4 60. Rxg4 Rb3 61. Rg5 Rb4 62. Kg3 Rb3+ 63. Kf2 Rb4 64. Ke3 Rxh4 65. Rd5
Kg6 66. Kd3 Kf6 67. Rd4 Rh8 68. Kc4 Ke7 69. Kc5 Rb8 70. Kc6 Rc8+ 71. Kb7 Rc1
72. b6 Ke6 73. Kb8 Ke5 74. Rd2 Ke6 75. b7 Rc3 76. Ra2 Kd7 77. Ka8 1-0

[Event "Skovbo GM 2014"]
[Site "?"]
[Date "2014.09.14"]
[Round "9.5"]
[White "Jepson, Christian"]
[Black "Okhotnik, Vladimir"]
[Result "1-0"]
[WhiteElo "2406"]
[BlackElo "2391"]
[PlyCount "117"]
[EventDate "2014.??.??"]
[WhiteClock "0:01:41"]
[BlackClock "0:49:44"]

1. d4 Nf6 2. c4 g6 3. Nc3 d5 4. cxd5 Nxd5 5. e4 Nxc3 6. bxc3 Bg7 7. Be3 c5 8.
Qd2 Qa5 9. Rc1 cxd4 10. cxd4 Qxd2+ 11. Kxd2 O-O 12. Nf3 Nc6 13. d5 Rd8 14. Kc2
Ne5 15. Nxe5 Bxe5 16. f4 Bc7 17. Kb3 Ba5 18. Be2 e6 19. Rhd1 exd5 20. exd5 Re8
21. Bd2 Rxe2 22. Bxa5 Rxg2 23. Rxc8+ Rxc8 24. d6 Rxh2 25. d7 Rh3+ 26. Kb2 Rh2+
27. Kb3 Rh3+ 28. Kb2 Rh2+ 29. Kb1 Ra8 30. d8=Q+ Rxd8 31. Rxd8+ Kg7 32. Bc3+ Kh6
33. Rd7 Kh5 34. Rxb7 Kg4 35. Rxf7 h5 36. Rxa7 Rg2 37. Rg7 Kxf4 38. a4 h4 39.
Rh7 Rg4 40. a5 g5 41. a6 Kg3 42. a7 Ra4 43. Kc2 h3 44. Kb3 Ra6 45. Kc4 Kg2 46.
Be5 g4 47. Kb5 Ra3 48. Bd6 Ra1 49. Kb6 Ra2 50. Rh8 g3 51. Rg8 Rb2+ 52. Ka6 Ra2+
53. Kb7 Rb2+ 54. Kc6 Rc2+ 55. Kb5 Rb2+ 56. Ka4 Ra2+ 57. Ba3 Kh2 58. a8=Q g2 59.
Qb8+ 1-0

[Event "Skovbo GM 2014"]
[Site "?"]
[Date "2014.09.14"]
[Round "9.6"]
[White "Carstensen, Jacob"]
[Black "Høi, Carsten"]
[Result "1/2-1/2"]
[WhiteElo "2360"]
[BlackElo "2399"]
[PlyCount "63"]
[EventDate "2014.??.??"]
[WhiteClock "0:35:40"]
[BlackClock "0:09:16"]

1. d4 Nf6 2. Nf3 d5 3. c4 dxc4 4. Nc3 Bg4 5. Ne5 Bh5 6. f3 Nbd7 7. Nxc4 e6 8.
e4 Be7 9. Bf4 O-O 10. Qb3 Rb8 11. O-O-O Ne8 12. g4 Bg6 13. Ne5 Bg5 14. Nxg6
hxg6 15. Bxg5 Qxg5+ 16. Kb1 a6 17. h4 Qe7 18. f4 c5 19. d5 b5 20. h5 c4 21. Qc2
g5 22. h6 g6 23. dxe6 fxe6 24. f5 Ne5 25. fxg6 Nxg6 26. e5 Nf4 27. Ne4 Kh8 28.
Be2 Nc7 29. Rd6 Ncd5 30. Nc5 Rbd8 31. Ne4 Nb4 32. Qd2 1/2-1/2

[Event "Skovbo GM 2014"]
[Site "?"]
[Date "2014.09.14"]
[Round "9.7"]
[White "Frisk, Ellinor"]
[Black "Percivaldi, Martin"]
[Result "1-0"]
[WhiteElo "2302"]
[BlackElo "2327"]
[PlyCount "57"]
[EventDate "2014.??.??"]
[WhiteClock "0:20:00"]
[BlackClock "0:10:06"]

1. Nf3 d5 2. c4 dxc4 3. e3 b5 4. a4 b4 5. Bxc4 e6 6. O-O Nf6 7. b3 Be7 8. Bb2
O-O 9. d4 Nbd7 10. Nbd2 c5 11. Qe2 a6 12. Rfd1 Bb7 13. Rac1 Qb8 14. Bd3 cxd4
15. Nxd4 Nc5 16. Bb1 Rd8 17. h3 Qa7 18. e4 Rac8 19. e5 Nd5 20. Qh5 g6 21. Qg4
Qb8 22. Nc4 Nd7 23. Nxe6 fxe6 24. Qxe6+ Kh8 25. Rxd5 Bxd5 26. Qxe7 Bxc4 27. e6+
Ne5 28. Qf6+ Kg8 29. Bxe5 1-0

[Event "Skovbo GM 2014"]
[Site "?"]
[Date "2014.09.14"]
[Round "9.8"]
[White "Madsen, Michael Ole"]
[Black "Pedersen, Hans Dahl"]
[Result "1/2-1/2"]
[WhiteElo "2077"]
[BlackElo "2178"]
[PlyCount "87"]
[EventDate "2014.??.??"]
[WhiteClock "0:10:00"]
[BlackClock "0:21:02"]

1. d4 d5 2. c4 c6 3. cxd5 cxd5 4. Nc3 Nf6 5. Bf4 Nc6 6. e3 a6 7. Bd3 Bg4 8.
Nge2 e6 9. O-O Bd6 10. Bxd6 Qxd6 11. h3 Bh5 12. Rc1 O-O 13. Qd2 b5 14. Nf4 Bg6
15. Bxg6 hxg6 16. Nd3 Nd7 17. Ne2 Rac8 18. Nc5 a5 19. Nxd7 Qxd7 20. Rc5 Nb4 21.
Rfc1 Rxc5 22. Rxc5 Na6 23. Rc2 b4 24. Qc1 g5 25. Rc6 Ra8 26. Qc2 g6 27. Nc1 Ra7
28. Nd3 Rc7 29. Ne5 Rxc6 30. Qxc6 Qxc6 31. Nxc6 a4 32. Kf1 Kf8 33. Ke2 Ke8 34.
Kd3 f6 35. a3 bxa3 36. bxa3 Kd7 37. Na7 Kc7 38. Nb5+ Kb6 39. Nc3 Ka5 40. f3 Nc7
41. e4 Nb5 42. exd5 exd5 43. Nxb5 Kxb5 44. g4 1/2-1/2

[Event "Skovbo GM 2014"]
[Site "?"]
[Date "2014.09.14"]
[Round "9.9"]
[White "Kjærgaard-Jensen, Jesper"]
[Black "Johansson, Alexander"]
[Result "1-0"]
[WhiteElo "2151"]
[BlackElo "2083"]
[PlyCount "77"]
[EventDate "2014.??.??"]
[WhiteClock "0:26:25"]
[BlackClock "0:35:36"]

1. d4 Nf6 2. Nf3 g6 3. c3 d5 4. Bg5 Ne4 5. Bh4 Bg7 6. Nbd2 c5 7. e3 O-O 8. Nxe4
dxe4 9. Nd2 f5 10. Bc4+ Kh8 11. dxc5 Qc7 12. Nb3 Nd7 13. Bxe7 Re8 14. Qd6 Be5
15. Qxc7 Bxc7 16. Bd6 Bxd6 17. cxd6 Ne5 18. Be2 Rd8 19. O-O-O Nf7 20. Rd4 Rxd6
21. Rxd6 Nxd6 22. Rd1 Nf7 23. Bc4 Kg7 24. Bxf7 Kxf7 25. Rd8 b6 26. Nd4 Kf6 27.
Nb5 Bb7 28. Rxa8 Bxa8 29. Nxa7 h5 30. Nc8 b5 31. Na7 h4 32. Nxb5 Kg5 33. Nd4
Bd5 34. b3 f4 35. c4 fxe3 36. fxe3 Bb7 37. b4 Kg4 38. Kd2 g5 39. Ke1 1-0

[Event "Skovbo GM 2014"]
[Site "Skovbo Kulturhus"]
[Date "2014.09.14"]
[Round "9.11"]
[White "Stojanovski, Sandi"]
[Black "Sylvan, Jacob"]
[Result "1/2-1/2"]
[WhiteElo "2174"]
[BlackElo "2336"]
[PlyCount "20"]
[EventDate "2014.??.??"]
[WhiteTeam "Skakklubben K41"]
[BlackTeam "Skakklubben Nordkalotten"]

1. d4 Nf6 2. c4 g6 3. Nc3 Bg7 4. e4 d6 5. Nf3 O-O 6. Be2 e5 7. O-O Nc6 8. Be3
Ng4 9. Bg5 f6 10. Bh4 Nh6 1/2-1/2

[Event "Skovbo GM 2014"]
[Site "Skovbo Kulturhus"]
[Date "2014.09.14"]
[Round "9.12"]
[White "Jacobsen, Mikkel Manosri"]
[Black "Brinck-Claussen, Bjørn"]
[Result "1/2-1/2"]
[WhiteElo "1886"]
[BlackElo "2234"]
[PlyCount "67"]
[EventDate "2014.??.??"]
[WhiteTeam "BMS Skak"]
[BlackTeam "Sjælsø Skakklub"]

1. d4 Nf6 2. Nf3 e6 3. Bf4 c5 4. e3 b6 5. Nbd2 Be7 6. h3 O-O 7. c3 d6 8. Be2
Bb7 9. O-O Nbd7 10. a4 a6 11. Bh2 Qc7 12. Qb1 Bc6 13. b4 cxb4 14. cxb4 Qb7 15.
Bd3 Rfd8 16. b5 axb5 17. axb5 Rxa1 18. Qxa1 Bxf3 19. Nxf3 Rc8 20. Qb1 Nf8 21.
e4 d5 22. Nd2 dxe4 23. Nxe4 Qd7 24. Nxf6+ Bxf6 25. Rd1 Ng6 26. d5 Ra8 27. dxe6
Qxe6 28. Bf5 Qc4 29. Rc1 Qd4 30. Qe4 Qxe4 31. Bxe4 Re8 32. Bc6 Rc8 33. Rd1 Be7
34. Bg3 1/2-1/2

[Event "Skovbo GM 2014"]
[Site "Skovbo Kulturhus"]
[Date "2014.09.14"]
[Round "9.13"]
[White "Kristensen, Bjarke Hautop"]
[Black "Akdag, Dara Sevkan"]
[Result "0-1"]
[WhiteElo "1936"]
[BlackElo "2228"]
[PlyCount "166"]
[EventDate "2014.??.??"]
[WhiteTeam "Sorø Skakklub"]
[BlackTeam "BMS Skak"]

1. c4 e5 2. g3 d6 3. Bg2 Be7 4. Nc3 f5 5. d3 Nf6 6. e4 Nc6 7. Nge2 O-O 8. O-O
Be6 9. Nd5 Qd7 10. f3 Rae8 11. Be3 Bd8 12. Qd2 Qf7 13. b4 Bc8 14. b5 Ne7 15.
Nxf6+ Qxf6 16. d4 Ng6 17. exf5 Bxf5 18. f4 exd4 19. Nxd4 Be4 20. Rae1 Bxg2 21.
Qxg2 Kh8 22. Bf2 Qf7 23. Qxb7 Qxc4 24. Qxa7 Ne7 25. Ne6 Rf7 26. b6 Nc8 27. Qa8
Nxb6 28. Nxd8 Rff8 29. Rxe8 Rxe8 30. Qc6 Rxd8 31. Qxc4 Nxc4 32. Rc1 {(=)} d5
33. a4 Kg8 34. Kf1 Ra8 35. Ra1 Kf7 36. Ke2 Ke6 37. Bd4 g6 38. g4 Kd6 39. Kd3 c5
40. Bc3 Nb6 41. a5 Nd7 42. f5 gxf5 43. gxf5 d4 44. Bxd4 cxd4 45. Kxd4 Ra6 46.
h4 Ne5 47. h5 Rxa5 48. Rb1 Nf3+ 49. Ke3 Rxf5 50. Rb6+ Kc5 51. Rb7 Ng5 52. Ra7
Kd5 53. Ra6 Ke5 54. Rb6 Ne6 55. Rb7 Ng5 56. Rb6 Rf3+ 57. Ke2 Rh3 58. Kf2 Kf4
59. h6 Rh2+ 60. Kf1 Kg4 61. Ra6 Nf3 62. Ra4+ Kh5 63. Ra7 Ng5 64. Ra6 Rc2 65.
Kg1 Re2 66. Kf1 Re6 67. Ra5 Kxh6 68. Kf2 Kh5 69. Kg3 Re3+ 70. Kf2 Rf3+ 71. Kg2
Rd3 72. Rb5 Kg4 73. Rb4+ Kf5 74. Rh4 Kg6 75. Ra4 Ne6 76. Ra6 Kf5 77. Ra5+ Kg4
78. Ra8 Nf4+ 79. Kf2 Rd2+ 80. Ke1 Rb2 81. Ra7 h5 82. Rg7+ Kf3 83. Rh7 h4 0-1

[Event "Skovbo GM 2014"]
[Site "Skovbo Kulturhus"]
[Date "2014.09.14"]
[Round "9.14"]
[White "Schmidt, Horst Hubert"]
[Black "Rosenkilde, Alexander"]
[Result "0-1"]
[WhiteElo "1754"]
[BlackElo "2228"]
[PlyCount "112"]
[EventDate "2014.??.??"]
[WhiteTeam "Brønshøj Skakforening"]
[BlackTeam "Tåstrup Skakforening"]

1. d4 d5 2. Nf3 Nf6 3. e3 Bg4 4. Be2 e6 5. O-O Bd6 6. h3 Bh5 7. b3 O-O 8. c4 c6
9. Bb2 Nbd7 10. Nc3 Qe7 11. cxd5 exd5 12. a3 a5 13. Qc2 Bg6 14. Bd3 Bxd3 15.
Qxd3 Ne4 16. Nd2 f5 17. Ne2 Rf6 18. b4 axb4 19. axb4 Rxa1 20. Rxa1 Bxb4 21.
Nxe4 fxe4 22. Qb3 b5 23. Ra8+ Rf8 24. Qa2 Nb6 25. Rxf8+ Qxf8 26. Qa7 Nc4 27.
Bc1 Qc8 28. Nf4 Bf8 29. f3 exf3 30. g4 b4 31. Nd3 b3 32. Kf2 Bd6 33. Kxf3 Bb8
34. Qe7 Qf8+ 35. Qxf8+ Kxf8 36. e4 Ba7 37. exd5 cxd5 38. Nb4 b2 39. Bxb2 Nxb2
40. Ke3 Nc4+ 41. Kd3 Nb6 42. Nc6 Nc8 43. Ke3 Bb6 44. Ne5 Ke8 45. Nf3 Ne7 46.
Ng5 h6 47. Ne6 Kf7 48. Nf4 Bc7 49. Nd3 Bd6 50. Ne1 Ke6 51. Nf3 Ng6 52. Ng1 Nf4
53. Kf3 g5 54. Ke3 Bb4 55. Kf3 Bc3 56. Ke3 Bb2 0-1

[Event "Skovbo GM 2014"]
[Site "Skovbo Kulturhus"]
[Date "2014.09.14"]
[Round "9.15"]
[White "Stuhr, Peter Sebastian"]
[Black "Sørensen, Dick"]
[Result "0-1"]
[WhiteElo "1942"]
[BlackElo "1977"]
[PlyCount "86"]
[EventDate "2014.??.??"]
[WhiteTeam "Køge Skakklub"]
[BlackTeam "Frederiksberg Skakforening"]

1. e4 c5 2. Nc3 Nc6 3. f4 d6 4. Bb5 Bd7 5. Nf3 g6 6. O-O Bg7 7. a4 Nd4 8. Bc4
e6 9. d3 Ne7 10. Bd2 Nec6 11. Kh1 Nxf3 12. Rxf3 Nd4 13. Rg3 h5 14. Nb5 Nxb5 15.
axb5 Bxb2 16. Rb1 Bg7 17. Qe1 O-O 18. f5 d5 19. exd5 exf5 20. d6 Kh7 21. Qf2 b6
22. Re1 Qf6 23. Re7 Qxd6 24. Rxf7 Rxf7 25. Bxf7 Be8 26. Rxg6 Qd4 27. Rxg7+ Kxg7
28. Qxd4+ cxd4 29. Bd5 Rc8 30. Bb3 Bxb5 31. Bf4 Kf6 32. Kg1 a5 33. h4 a4 34.
Bg5+ Kg6 35. Be6 Rxc2 36. Bd8 Rc6 37. Ba2 Bxd3 38. Kh2 Be4 39. Kg3 d3 40. Bg5
Rc2 41. Bb1 Rxg2+ 42. Kf4 Rg4+ 43. Ke3 Rxg5 0-1

[Event "Skovbo GM 2014"]
[Site "Skovbo Kulturhus"]
[Date "2014.09.14"]
[Round "9.16"]
[White "Pedersen, Henrik Dahl"]
[Black "Skjoldager, Flemming"]
[Result "1-0"]
[WhiteElo "2188"]
[BlackElo "1876"]
[PlyCount "99"]
[EventDate "2014.??.??"]
[WhiteTeam "Køge Skakklub"]
[BlackTeam "Holbæk Skakklub"]

1. d4 Nf6 2. Bg5 Ne4 3. Bh4 d5 4. f3 Nd6 5. Nc3 c6 6. e4 Qa5 7. e5 Nf5 8. Bf2
g6 9. g4 Nh6 10. Qd2 Na6 11. h4 Bd7 12. h5 g5 13. Qxg5 O-O-O 14. Qd2 f6 15.
exf6 exf6 16. O-O-O Nf7 17. Kb1 Bh6 18. Be3 Bxe3 19. Qxe3 Rhe8 20. Qf4 Re6 21.
Bd3 h6 22. Nge2 Nb4 23. Nc1 Nxd3 24. Nxd3 Qc7 25. Qxc7+ Kxc7 26. Nf4 Ree8 27.
Rdf1 Ng5 {(=)} 28. Ng6 Re3 29. Nh4 Rde8 30. Kc1 b5 31. Nd1 Re2 32. Rf2 Rxf2 33.
Nxf2 Kd6 34. Kd2 c5 35. dxc5+ Kxc5 36. Re1 Rxe1 37. Nd3+ Kd6 38. Kxe1 a6 39.
Ke2 d4 40. Nf2 Ke5 41. Ng6+ Kd6 42. f4 Nh7 43. Kd3 f5 44. Kxd4 fxg4 45. Ne4+
Kc7 46. Ke5 Bc6 47. Ng3 Bd7 48. f5 Kd8 49. f6 Ke8 50. Ne4 1-0

[Event "Skovbo GM 2014"]
[Site "Skovbo Kulturhus"]
[Date "2014.09.14"]
[Round "9.17"]
[White "Mølvig, Henrik"]
[Black "Simonsen, Per Barndorff"]
[Result "1-0"]
[WhiteElo "2152"]
[BlackElo "1869"]
[PlyCount "45"]
[EventDate "2014.??.??"]
[WhiteTeam "Roskilde Skakklub"]
[BlackTeam "Ishøj Skakklub"]

1. d4 Nf6 2. c4 e6 3. Nf3 d5 4. Nc3 c6 5. Bg5 Be7 6. e3 h6 7. Bh4 Ne4 8. Bxe7
Qxe7 9. Rc1 f5 10. cxd5 Nxc3 11. Rxc3 O-O 12. Ne5 Qb4 13. a3 Qxb2 14. Rb3 Qa2
15. Nc4 exd5 16. Rb2 Qxc4 17. Bxc4 dxc4 18. a4 b6 19. O-O Ba6 20. Re1 b5 21.
Qf3 bxa4 22. Rb4 Rf7 23. Reb1 1-0

[Event "Skovbo GM 2014"]
[Site "Skovbo Kulturhus"]
[Date "2014.09.14"]
[Round "9.18"]
[White "Andersen, Troels Bækgård"]
[Black "Andersen, Daniel"]
[Result "1/2-1/2"]
[WhiteElo "1919"]
[BlackElo "1962"]
[PlyCount "52"]
[EventDate "2014.??.??"]
[WhiteTeam "Roskilde Skakklub"]
[BlackTeam "Frederikssund Skakklub"]

1. d4 Nf6 2. Nf3 g6 3. g3 d5 4. Bg2 Bg7 5. O-O O-O 6. Nbd2 b6 7. b3 Bb7 8. Bb2
Nbd7 9. Re1 c5 10. c4 e6 11. Rc1 Qe7 12. Qc2 Rac8 {(=)} 13. Qb1 cxd4 14. Nxd4
e5 15. Nb5 a6 16. Ba3 Nc5 17. Nc3 e4 18. cxd5 e3 19. Nde4 Nfxe4 20. Nxe4 Bxd5
21. Bxc5 bxc5 22. fxe3 Rfe8 23. Nf6+ Bxf6 24. Bxd5 Qxe3+ 25. Kh1 Red8 26. Qe4
Qxe4+ 1/2-1/2

[Event "Skovbo GM 2014"]
[Site "Skovbo Kulturhus"]
[Date "2014.09.14"]
[Round "9.19"]
[White "Mølvig, Julius"]
[Black "Pawlak, Wojciech Zbigniew"]
[Result "1-0"]
[WhiteElo "1913"]
[BlackElo "1705"]
[PlyCount "49"]
[EventDate "2014.??.??"]
[WhiteTeam "BMS Skak"]
[BlackTeam "Køge Skakklub"]

1. d4 Nf6 2. c4 g6 3. Nc3 d5 4. cxd5 Nxd5 5. e4 Nxc3 6. bxc3 Bg7 7. Bc4 c5 8.
Be3 Nc6 9. Ne2 O-O 10. O-O Bg4 11. f3 Bd7 12. Rb1 cxd4 13. cxd4 Qc7 14. Qd3 Na5
{(=)} 15. Bd5 Bc6 16. Rfc1 e6 17. Bxc6 Nxc6 18. Qc4 Qd7 19. Qb5 Rfd8 20. Qxb7
Bxd4 21. Nxd4 Qxb7 22. Rxb7 Nxd4 23. Rcc7 e5 24. Rxf7 Rac8 25. Rg7+ 1-0

[Event "Skovbo GM 2014"]
[Site "Skovbo Kulturhus"]
[Date "2014.09.14"]
[Round "9.20"]
[White "Severinsen, Frank"]
[Black "Knudsen, Jes Jacob West"]
[Result "0-1"]
[WhiteElo "1801"]
[BlackElo "1917"]
[PlyCount "82"]
[EventDate "2014.??.??"]
[WhiteTeam "Skakklubben K41"]
[BlackTeam "Allerød Skakklub"]

1. e4 c5 2. Nc3 Nc6 3. f4 g6 4. Nf3 Bg7 5. Bc4 e6 6. O-O Nge7 7. d3 O-O 8. Qe1
d5 9. Bb3 Na5 10. f5 Nxb3 11. axb3 exf5 12. Qh4 fxe4 13. dxe4 d4 14. Bh6 dxc3
15. Ng5 Qd4+ 16. Kh1 Bxh6 17. Qxh6 Qg7 18. Qh4 cxb2 19. Rab1 Nc6 20. c3 h6 21.
Nf3 g5 22. Qf2 Qxc3 23. Rxb2 Bg4 24. Rc2 Qg7 25. Nd2 Nd4 26. Rxc5 Rac8 27. Rd5
Rcd8 28. Rc5 Ne6 29. Rc2 Nf4 30. Qg3 Be2 31. Re1 Rd3 32. Qf2 Rfd8 33. Rxe2 Nxe2
34. g3 Rxd2 35. Rxd2 Rxd2 36. Qe1 Qd4 37. Kg2 Qxe4+ 38. Kf2 Qf5+ 39. Kg2 Nf4+
40. Kg1 Nh3+ 41. Kh1 Qf3# 0-1

[Event "Skovbo GM 2014"]
[Site "Skovbo Kulturhus"]
[Date "2014.09.14"]
[Round "9.21"]
[White "Møller, Claus Kronholm"]
[Black "Sørensen, Lindved"]
[Result "1-0"]
[WhiteElo "1892"]
[BlackElo "1728"]
[PlyCount "57"]
[EventDate "2014.??.??"]
[WhiteTeam "Skovbo Skakklub"]
[BlackTeam "Faxe Skakklub"]

1. e4 d5 2. exd5 Nf6 3. Bb5+ Bd7 4. Bc4 b5 5. Bb3 a5 6. a4 bxa4 7. Bxa4 Bxa4 8.
Rxa4 Qxd5 9. Qf3 Ra6 10. Qxd5 Nxd5 11. Rc4 Rc6 12. Rxc6 Nxc6 13. c3 Nf4 14. Nh3
Nxh3 15. gxh3 Ne5 16. d4 Nd3+ 17. Ke2 Nxc1+ 18. Rxc1 e6 19. Nd2 Bd6 20. Ra1 O-O
21. Rxa5 Rb8 22. b4 Bxh2 23. Ne4 Bd6 24. b5 h6 25. Nxd6 cxd6 26. c4 Rc8 27. b6
Rb8 28. c5 dxc5 29. dxc5 1-0

[Event "Skovbo GM 2014"]
[Site "Skovbo Kulturhus"]
[Date "2014.09.14"]
[Round "9.22"]
[White "Borg, Flemming"]
[Black "Hein, Jacob"]
[Result "1-0"]
[WhiteElo "1842"]
[BlackElo "1450"]
[PlyCount "91"]
[EventDate "2014.??.??"]
[WhiteTeam "Allerød Skakklub"]
[BlackTeam "Espergærde Skakklub"]

1. d4 d5 2. Bf4 Bf5 3. Nf3 Nf6 4. h3 Nbd7 5. e3 c6 6. c4 e6 7. Nc3 Ne4 8. a3
Bd6 9. Bxd6 Nxd6 10. c5 Nc4 11. Bxc4 dxc4 12. O-O Bd3 13. Re1 O-O 14. Qa4 Qc7
15. Rec1 b5 16. cxb6 Nxb6 17. Qd1 Rad8 18. Ne5 Bg6 19. Qe2 f6 20. Nxc4 Nxc4 21.
Qxc4 Bf7 22. Nb5 Qb8 23. Qxc6 Rc8 24. Qa6 Rxc1+ 25. Rxc1 Rd8 26. b4 Qb6 27.
Qxb6 axb6 28. Nd6 Bg6 29. Rc8 Rxc8 30. Nxc8 b5 31. Ne7+ Kf7 32. Nxg6 hxg6 33.
Kf1 Ke7 34. Ke2 Kd6 35. Kd3 g5 36. g4 g6 37. e4 f5 38. f3 Kc6 39. Kc3 Kc7 40.
Kb3 Kd6 41. a4 bxa4+ 42. Kxa4 Kc6 43. Ka5 Kb7 44. Kb5 Kc7 45. Kc5 Kd7 46. b5
1-0

[Event "Skovbo GM 2014"]
[Site "Skovbo Kulturhus"]
[Date "2014.09.14"]
[Round "9.24"]
[White "Jørgensen, Orla Eilegaard"]
[Black "Hagerup, Per"]
[Result "1-0"]
[WhiteElo "1568"]
[BlackElo "1664"]
[PlyCount "59"]
[EventDate "2014.??.??"]
[WhiteTeam "Allerød Skakklub"]
[BlackTeam "Tølløse Skakklub"]

1. e4 d6 2. d4 Nf6 3. Nc3 g6 4. Nf3 Bg7 5. Bc4 O-O 6. h3 c6 7. Be3 h6 8. Qd2
Kh7 9. g4 Ng8 10. O-O-O Qa5 11. Rdg1 Nd7 12. Bd3 b5 13. a3 Nb6 14. h4 Nc4 15.
Bxc4 bxc4 16. h5 g5 17. Bxg5 f6 18. Be3 Be6 19. Nh4 Rfb8 20. Nf5 Rb7 21. Nxg7
Kxg7 22. g5 Rab8 23. gxf6+ Kh8 24. Bxh6 Rxb2 25. Rxg8+ Kxg8 26. Rg1+ Kf7 27.
Rg7+ Ke8 28. Rxe7+ Kd8 29. Rxe6 Rb1+ 30. Nxb1 1-0